Footballers By Career Path (Hard) - Statistics

General Stats
  • This quiz has been taken 24 times
  • The average score is 3 of 15
Answer Stats
Hint Answer % Correct
Monaco - Arsenal - Barcelona - Chelsea Emmanuel Petit
61%
Norwich City - Coventry City - Newcastle United - Celtic (loan) - Blackburn Rovers - Liverpool - West Ham United - Manchester City - Cardiff City (loan) - Liverpool - Cardiff City Craig Bellamy
50%
Birmingham City - Oxford United - Wimbledon - Arsenal - West Ham United Nigel Winterburn
22%
Chelsea - Wolverhampton Wanderers (loan) - Charlton Athletic (loan) - Aston Villa (loan) - West Ham United - Celtic - Sacramento Republic - Persib Bandung Carlton Cole
17%
Norwich City - Blackburn Rovers - Chelsea - Celtic - Birmingham City - Aston Villa - Wroxham Chris Sutton
17%
Crewe Alexandra - Aston Villa - Bari - Juventus - Sampdoria - Arsenal - Nottingham Forest David Platt
17%
Joué-lès-Tours - Tours - Gueugnon - Paris Saint-Germain - Newcastle United (loan) - Manchester City - Portsmouth - Everton - AFC Bournemouth Sylvain Distin
17%
Tottenham Hotspur - Montreal Olympique (loan) - Middlesbrough - West Adelaide (loan) - Liverpool - Sampdoria - Rangers Graeme Souness
11%
Charlton Athletic - Leeds United - West Ham United - Newcastle United - West Ham United - Birmingham City (loan) - Birmingham City - Ipswich Town Lee Bowyer
11%
Tottenham Hotspur - Middlesbrough - Everton - Liverpool - Leeds United - Nottingham Forest (loan) - Hull City Nick Barmby
11%
Metz - Salernitana - Liverpool - West Ham United - 1. FC Köln (loan) - Lens - Galatasaray - Trabzonspor Rigobert Song
11%
Dundalk - Liverpool - Bradford City (loan) - Aston Villa - Liverpool - Crystal Palace (loan) - Aston Villa - Coventry City - Walsall Steve Staunton
6%
Verona - Roma - Levante - Queens Park Rangers - Tianjin TEDA - Sant'Anna d'Alfaedo - La Fiorita Damiano Tommasi
0%
Millwall - Blackburn Rovers - West Ham United - Everton - Galatasaray - Al Jazira - Al Wasl - Sydney FC - Omiya Ardija - Watford - Doncaster Rovers (loan) Lucas Neill
0%
Empoli - Genoa - Sampdoria - Roma - Fulham (loan) - Sampdoria (loan) Vincenzo Montella
0%
No matching quizzes found
Score Distribution
Percent of People with Each Score
Percentile by Number Answered
Your Score History
You have not taken this quiz